Prasāda aura unakī kavitā. (Record no. 53257)

MARC details
000 -LEADER
fixed length control field 00647cam a22002411 4500
001 - CONTROL NUMBER
control field sa 62001293
003 - CONTROL NUMBER IDENTIFIER
control field DLC
005 - DATE AND TIME OF LATEST TRANSACTION
control field 20260227111918.0
008 - FIXED-LENGTH DATA ELEMENTS--GENERAL INFORMATION
fixed length control field 890823s1962 ii 000 0 hino
010 ## - LIBRARY OF CONGRESS CONTROL NUMBER
LC control number sa 62001293
035 ## - SYSTEM CONTROL NUMBER
System control number (OCoLC)20236799
040 ## - CATALOGING SOURCE
Original cataloging agency DLC
Transcribing agency WaU
Modifying agency DLC
042 ## - AUTHENTICATION CODE
Authentication code premarc
050 00 - LIBRARY OF CONGRESS CALL NUMBER
Classification number PK2098.P7
Item number Z96
100 0# - MAIN ENTRY--PERSONAL NAME
Personal name Viśvambhara Mānava,
Dates associated with a name 1912-
245 10 - TITLE STATEMENT
Title Prasāda aura unakī kavitā.
260 ## - PUBLICATION, DISTRIBUTION, ETC.
Date of publication, distribution, etc. [1962]
300 ## - PHYSICAL DESCRIPTION
Extent 248 p.
Dimensions 19 cm.
500 ## - GENERAL NOTE
General note In Hindi.
500 ## - GENERAL NOTE
General note Includes poems of Jai Shankar Prasad.
600 10 - SUBJECT ADDED ENTRY--PERSONAL NAME
Personal name Prasad, Jai Shankar,
Dates associated with a name 1889-1937.
700 1# - ADDED ENTRY--PERSONAL NAME
Personal name Prasad, Jai Shankar,
Dates associated with a name 1889-1937.

No items available.

Powered by Koha